000 00754nam a2200277Ia 4500
001 A6082
003 IT-RoPAU
008 130308s9999 xx 000 0 und d
040 _aIT-RoPAU
040 _cIT-RoPAU
041 _aITALIANO
100 _aCosenza Giovanna
100 _gCodice Aut. SPICS: 31043
245 _aLimiti dell'enciclopedia (I)
245 _bSemiotica: storia Teoria Interpretazione-Saggi intorno a Umberto Eco
250 _a1a ed.
260 _aMILANO
260 _bBompiani
260 _c1992 [1° Ed.:1992 - Ed.Ling.Originale:1992]
300 _a"13 p. (prefazione: no ; testo: 13 [pagine: 115-127])"
650 _aSEMIOLOGIA
650 _eCodice materia Spics: 3251
942 _cBK
957 _71
999 _c78205
_d78205
999 _g1